000 00980ngm a22003130a 4500
001 PT13976
003 AR-LpoUNG
005 20210202000509.0
007 vd cvaizq
008 191001s1998||||ag |||||||||||||||||spa d
040 _aAR-LpoUNG
_bspa
_cAR-LpoUNG
_eaacr
041 _aspa
044 _aag
082 0 _a909.8 591v2
245 1 0 _a1906-1914 :
_bestalla el Polvorín : de Zapata a la guerra de los Balcanes
260 _aBuenos Aires :
_bArte Gráfico Editorial Argentino,
_c1998.
300 _aVHS (35 min.) : son., col.
520 _aSumario: Imperio Otomano; Juegos olímpicos; Petróleo en Comodoro Rivadavia; El cine; Voto Universal; Se crea Obras Sanitarias; Chaplin; Primer subterraneo porteño.
650 4 _aARGENTINA
650 4 _aCINE
650 4 _aESTADOS UNIDOS
650 4 _aMEDIOS DE COMUNICACION
650 4 _aPETROLEO
650 4 _aSALUD
653 _aVIDEOS
710 2 _aClarín (Buenos Aires)
905 _a13976
942 _cVIDEO
999 _c54965
_d54965